| 000 | 00549nam a2200169 i 4500 | ||
|---|---|---|---|
| 001 | 58214 | ||
| 003 | ES-MaACL | ||
| 005 | 20230906163742.0 | ||
| 007 | t| | ||
| 008 | 031021s1970 sp ||||1| spa d | ||
| 100 | 1 |
_aDumont, Louis. _946010 |
|
| 245 | 1 | 0 |
_aHomo hierarchicus _b: ensayo sobre el sistema de castas / _cLouis Dumont ; traducción del francés por Rafael Pérez Delgado. |
| 260 |
_a[Madrid] : _bAguilar, _c[1970] |
||
| 300 |
_aXIX, 429 p. ; _c21 cm. |
||
| 700 | 1 |
_aPérez Delgado, Rafael. _990829 |
|
| 852 |
_aES-MaACL _jC-38790 _bR.74180 |
||
| 999 |
_c58214 _d58214 |
||